000 00525nam a2200169 u 4500
001 000020253
005 20200929170331.0
008 100802s1999 dr c 000 0 spa d
020 _a8487507530
040 _aDO-SdBNP
_bspa
_cBNPHU
100 1 _aRey, Albert C.
_d1948-
_942869
245 1 0 _aAlbert Einstein :
_bgrandes biografías /
_cAlbert C. Rey.
260 _aEspaña :
_bEdiciones Rueda,
_c1999.
300 _a199 p. :
_bretrs. ;
_c25 cm.
504 _aBibliografía p: 198
500 _aIncluye datos biografícos del autor
999 _c19757
_d19757